000 00392nam a2200169Ia 4500
008 210719s2009 xx 000 0 und d
041 _aeng
082 _a343.09945 PATM
100 _aPATIL (G B)
245 _aMenace of cyber crimes
260 _aBengaluru
_c2009
300 _aviii,119
_bPB
365 _b75
_cRs
650 _aLaw
650 _aLaw
906 _acrimes ; cyber ; Menace
999 _c215856
_d215856